| 000 | 00903nam a2200277 i 4500 | ||
|---|---|---|---|
| 001 | 000038760 | ||
| 003 | DO-SdBNP | ||
| 005 | 20240826095446.0 | ||
| 007 | ta | ||
| 008 | 130419s1992 mx ac 000 0 spa d | ||
| 020 | _a9684229976 | ||
| 040 |
_aDO-SdBNP _bspa _cBNPHU _erda |
||
| 082 | 4 | _222 | |
| 100 | 1 |
_aEscobar Valenzuela, Gustavo, _963592 _eautor |
|
| 245 | 1 | 0 |
_aÉtica : _bintroducción a su problemática y su historia / _cGustavo Escobar Valencia. |
| 250 | _aTercera edición | ||
| 264 |
_aMéxico : _bMcgraw-Hill, _c1992. |
||
| 300 |
_a245 páginas : _bilustraciones,retratos ; _c24 cm. |
||
| 336 |
_2rdacontent _atexto _btxt |
||
| 337 |
_2rdamesdia _asin mediación _bn |
||
| 338 |
_2rdacarrier _avolumen _bnc |
||
| 500 | _aIncluye índice analítico | ||
| 500 | _aIncluye notas y referencias bibliográficas al pie de las páginas | ||
| 590 | _aInventariado, 2024/BT | ||
| 942 |
_2ddc _cLBS1 |
||
| 999 |
_c38250 _d38250 |
||